Biblioteca Parlamentaria
Catálogo en línea

Contabilidad de la Empresa (Registro nro. 3624)

000 -CABECERA
Campo de control interno 00541nam a2200205Ia 4500
008 - ELEMENTOS DE LONGITUD FIJA - INFORMACION
Elementos de Longitud Fija - Informaci 141014s9999||||xx |||||||||||||| ||und||
010 ## - LIBRARY OF CONGRESS CONTROL NUMBER
LC control number 3474
020 ## - INTERNATIONAL STANDARD BOOK NUMBER
ISBN SISBN
040 ## - ORIGEN DE LA CATALOGACION
Origen de la Catalogación ANE
041 ## - CODIGO DE LENGUAJE
Código de lenguaje del texto Es
082 ## - NUMERO DE CLASIFICACION DECIMAL DEWEY
1ra. Clasificación 658.15 C156 T1 Ejm2
100 ## - AUTOR PERSONAL
Autor Personal Callo Cáceres, Antonio
245 ## - TÍTULO GENERAL
Título Contabilidad de la Empresa
Mención del autor Callo Cáceres, Antonio
250 ## - EDICION
Edición 5ta Ed
260 ## - EDITORIAL
Ciudad Lima, Perú
Fecha 1979
Nombre de la Editorial Corporación Editora Continental, S. A.
300 ## - DESCRIPCION
Número de páginas 454 p
Dimensiones 22 cm
500 ## - NOTA GENERAL
Nota General Índice
650 ## - DESCRIPTORES - TEMAS
Temas - Descriptores Contabilidad
942 ## - ELEMENTOS DE KOHA
Tipo de Documento Libros
Esquema de Clasificaci
Catalogador Nr.
Existencias
Withdrawn status Lost status Fuente de Clasificaci Damaged status Not for loan Ubicaci Biblioteca Fecha de Adquisición Vía de adquisición Signatura Topogr Código de barras Date last seen Price effective from Tipo de Item
          Biblioteca Asamblea Nacional Biblioteca Asamblea Nacional 2021-01-13 Donación 658.15 C156 T1 Ejm2 3474 2014-10-14 2014-10-14 Libros
Dirección: Av. 6 de Diciembre y Piedrahita | Quito - Ecuador
Teléfonos: 593-23991000 Ext: 1147/1148
Correo:
archivo.biblioteca@asambleanacional.gob.ec

Soporte: FusionSolutions Cia. Ltda
archivobiblioteca white

Con tecnología Koha